02256nam a22002417a 450000500170000000800410001702000180005804000070007604100080008308200180009110000270010910000110013624500140014726000370016130000230019836500470022152014630026865000350173165000260176694200120179299900190180495201910182320251104101836.0251104b |||||||| |||| 00| 0 eng d a9781398529489 cAL aeng a823.914bROBP aLauren Roberts9243725 9243713 aPowerless aLondonbSimon and Schusterc2023 a520p.bPBc20x13cm 2Englisha4241b₹479.20c₹d599.00e20% aGoodreads Choice AwardNominee for Readers' Favorite Young Adult Fantasy & Science Fiction (2023) She is the very thing he’s spent his whole life hunting. He is the very thing she’s spent her whole life pretending to be. Only the extraordinary belong in the kingdom of Ilya—the exceptional, the empowered, the Elites. The powers these Elites have possessed for decades were graciously gifted to them by the Plague, though not all were fortunate enough to both survive the sickness and reap the reward. Those born Ordinary are just that—ordinary. And when the king decreed that all Ordinaries be banished in order to preserve his Elite society, lacking an ability suddenly became a crime—making Paedyn Gray a felon by fate and a thief by necessity. Surviving in the slums as an Ordinary is no simple task, and Paedyn knows this better than most. Having been trained by her father to be overly observant since she was a child, Paedyn poses as a Psychic in the crowded city, blending in with the Elites as best she can in order to stay alive and out of trouble. Easier said than done. When Paeydn unsuspectingly saves one of Ilyas princes, she finds herself thrown into the Purging Trials. The brutal competition exists to showcase the Elites’ powers—the very thing Paedyn lacks. If the Trials and the opponents within them don’t kill her, the prince she’s fighting feelings for certainly will if he discovers what she is—completely Ordinary. aIndian English Fiction9243714 aEnglish Novel9243726 2ddccBK c240652d240652 00102ddc40708ENGaALbALcSKd2025-10-30eBiblios Book Point, Surathkal, Mangalore-575014g479.20l4m1o823.914 ROBPp077974r2026-03-11 08:38:38s2026-03-06v599.00w2025-11-04yBK